000 00835nam a2200229Ii 4500
003 JO-AjNU
008 230605s9999||||xx |||||||||||||| ||und||
017 _a2008/3292
020 _a978-9957-25-065-2
040 _aJO-AjNU
_bara
_erda
_cJO-AjNU
041 _aara
050 1 4 _aG155 2009
100 3 _aغرايبة، خليف مصطفى,
_eauthor
_912020
245 0 0 _aالسياحة الصحراوية في الوطن العربي : الواقع والطموح
250 _aط1
264 3 1 _aعمان: دار قنديل للنشر والتوزيع،2006
300 _a327ص
_bخرائط وصور توضيحية
336 _atext
_btxt
_2rdacontent
337 _aunmediated
_bn
_2rdamedia
338 _avolume
_bnc
_2rdacarrier
650 4 _aالسياحة-الاماكن السياحية- البيئة الصحراوية
_912021
999 _aA2625
_c6193
_d6193